[Event "7. Open C.A. Ciudad los Angeles 2012"]
[Site "Madrid ESP"]
[Date "2013.05.05"]
[Round "5.7"]
[White "Martin Garcia, Francisco J"]
[Black "Crespo Villalba, Israel"]
[Result "1/2-1/2"]
[WhiteElo "1698"]
[BlackElo "1921"]
[PlyCount "80"]
[EventDate "2013.04.07"]
[EventType "swiss"]
[EventRounds "9"]
[EventCountry "ESP"]
[SourceTitle "Ajedrez en Madrid"]
[Source "lmi"]
[SourceDate "2013.04.07"]
[SourceVersion "1"]
[SourceVersionDate "2013.08.06"]
[SourceQuality "1"]

1. d4 Nf6 2. Nf3 g6 3. c4 Bg7 4. g3 O-O 5. Nc3 d6 6. Bg2 c6 7. O-O Qc7 8. Bf4
Nh5 9. Bd2 e5 10. d5 f5 11. Rc1 e4 12. Ng5 h6 13. Nh3 Nd7 14. Nf4 Nxf4 15. Bxf4
g5 16. dxc6 gxf4 17. cxd7 Bxd7 18. Nd5 Qd8 19. Nxf4 Bxb2 20. Rb1 Qf6 21. Qd5+
Kh8 22. Qxb7 Be5 23. Qxd7 Bxf4 24. gxf4 Rf7 25. Qc6 Rg8 26. Kh1 Rfg7 27. Bxe4
fxe4 28. Qxe4 Rg2 29. Qxg2 Rxg2 30. Kxg2 Qxf4 31. Kh1 Qe4+ 32. f3 Qxe2 33. Rbe1
Qxc4 34. Re8+ Kg7 35. Rfe1 Qxa2 36. R1e2 Qb1+ 37. Kg2 Qd3 38. R8e7+ Kf8 39.
Re8+ Kf7 40. R8e7+ Kf8 1/2-1/2

[Event "7. Open C.A. Ciudad los Angeles 2012"]
[Site "Madrid ESP"]
[Date "2013.05.05"]
[Round "5.8"]
[White "Benitez Cadenas, Luis Miguel"]
[Black "Tirado Parra, Alberto"]
[Result "0-1"]
[WhiteElo "1698"]
[BlackElo "1896"]
[PlyCount "36"]
[EventDate "2013.04.07"]
[EventType "swiss"]
[EventRounds "9"]
[EventCountry "ESP"]
[SourceTitle "Ajedrez en Madrid"]
[Source "lmi"]
[SourceDate "2013.04.07"]
[SourceVersion "1"]
[SourceVersionDate "2013.08.06"]
[SourceQuality "1"]

1. Nf3 Nf6 2. d4 d5 3. c4 dxc4 4. e3 e6 5. Bxc4 Be7 6. O-O O-O 7. Qe2 c5 8. Rd1
Qc7 9. Nc3 a6 10. dxc5 Nbd7 11. c6 bxc6 12. Bd2 Bb7 13. Rac1 Rfd8 14. Bd3 Nc5
15. Bb1 a5 16. Be1 Ba6 17. Rxd8+ Rxd8 18. Qc2 Bd3 0-1

[Event "7. Open C.A. Ciudad los Angeles 2012"]
[Site "Madrid ESP"]
[Date "2013.05.05"]
[Round "5.9"]
[White "Sirera Ripoll, Jose"]
[Black "Enfedaque Jimenez, Juan Carlos"]
[Result "1-0"]
[WhiteElo "1692"]
[BlackElo "1735"]
[PlyCount "119"]
[EventDate "2013.04.07"]
[EventType "swiss"]
[EventRounds "9"]
[EventCountry "ESP"]
[SourceTitle "Ajedrez en Madrid"]
[Source "lmi"]
[SourceDate "2013.04.07"]
[SourceVersion "1"]
[SourceVersionDate "2013.08.06"]
[SourceQuality "1"]

1. e4 e6 2. d4 d5 3. e5 c5 4. c3 Nc6 5. Nf3 Qb6 6. a3 cxd4 7. cxd4 Bd7 8. Nc3
Rc8 9. Na4 Qd8 10. Nc5 Nxd4 11. Nxd4 Bxc5 12. Be3 Ne7 13. Be2 O-O 14. O-O Bxd4
15. Bxd4 Nf5 16. Bc3 Bc6 17. Qd2 Qh4 18. Bb4 Rfd8 19. g4 Ne7 20. Rad1 Ng6 21.
Qd4 a6 22. Be1 Qe7 23. a4 Qd7 24. b3 b5 25. a5 Bb7 26. f4 Qc7 27. b4 Qc2 28.
Rf2 Qe4 29. Bc3 Qc2 30. Ba1 Qe4 31. Bd3 Qxd4 32. Bxd4 Rc6 33. f5 Ne7 34. Bc5
Rd7 35. Rdf1 exf5 36. gxf5 Rh6 37. e6 Rc7 38. Bd6 Rc3 39. Bxb5 fxe6 40. fxe6
Rg6+ 41. Rg2 Rxg2+ 42. Kxg2 d4+ 43. Kg1 axb5 44. Bxe7 h6 45. Rf8+ Kh7 46. Rd8
d3 47. Kf2 Be4 48. Bc5 Rc2+ 49. Ke3 Re2+ 50. Kd4 d2 51. Kc3 Bg6 52. e7 Rxh2 53.
Rxd2 Rxd2 54. Kxd2 Kg8 55. Ke3 Be8 56. a6 Kf7 57. Ke4 Bc6+ 58. Ke5 g5 59. Kd6
Be8 60. a7 1-0

[Event "7. Open C.A. Ciudad los Angeles 2012"]
[Site "Madrid ESP"]
[Date "2013.05.05"]
[Round "5.10"]
[White "Salgado Duarte, Pablo"]
[Black "Vazquez Moreno, Luis"]
[Result "0-1"]
[WhiteElo "1607"]
[BlackElo "1729"]
[PlyCount "68"]
[EventDate "2013.04.07"]
[EventType "swiss"]
[EventRounds "9"]
[EventCountry "ESP"]
[SourceTitle "Ajedrez en Madrid"]
[Source "lmi"]
[SourceDate "2013.04.07"]
[SourceVersion "1"]
[SourceVersionDate "2013.08.06"]
[SourceQuality "1"]

1. d4 Nf6 2. c4 c5 3. Nf3 cxd4 4. Nxd4 Nc6 5. e3 g6 6. Nc3 Bg7 7. Be2 O-O 8.
O-O d5 9. Re1 e5 10. Nxc6 bxc6 11. cxd5 cxd5 12. Bb5 d4 13. exd4 exd4 14. Ne4
Nxe4 15. Rxe4 Bb7 16. Rg4 h5 17. Rg5 Bh6 18. Rg3 Bxc1 19. Rxc1 Qd5 20. Bc4 Qf5
21. Qd2 Kh7 22. Rg5 Qf6 23. Bd3 Kg7 24. Be2 Rh8 25. Rg3 Rac8 26. Rxc8 Bxc8 27.
Rf3 Qe5 28. Rg3 Re8 29. Kf1 h4 30. Rg5 Qe4 31. Bd3 Ba6 32. f3 Bxd3+ 33. Kf2
Qe2+ 34. Qxe2 Rxe2+ 0-1

[Event "7. Open C.A. Ciudad los Angeles 2012"]
[Site "Madrid ESP"]
[Date "2013.05.05"]
[Round "5.11"]
[White "Veiga Rodriguez, Pablo"]
[Black "Bellod Thomas, Gonzalo"]
[Result "1-0"]
[WhiteElo "1598"]
[BlackElo "1715"]
[PlyCount "181"]
[EventDate "2013.04.07"]
[EventType "swiss"]
[EventRounds "9"]
[EventCountry "ESP"]
[SourceTitle "Ajedrez en Madrid"]
[Source "lmi"]
[SourceDate "2013.04.07"]
[SourceVersion "1"]
[SourceVersionDate "2013.08.06"]
[SourceQuality "1"]

1. e4 e6 2. d4 d5 3. Nc3 Bb4 4. e5 c5 5. Qg4 Ne7 6. dxc5 Nbc6 7. Nf3 Qa5 8. Bd2
Bd7 9. Bd3 Ng6 10. a3 Bxc3 11. bxc3 Ncxe5 12. Nxe5 Nxe5 13. Qxg7 Nxd3+ 14. cxd3
O-O-O 15. Qd4 Rhg8 16. O-O Bc6 17. f3 Rg6 18. Bf4 f6 19. Qb4 Qxb4 20. cxb4 Rdg8
21. Ra2 e5 22. Bc1 d4 23. Rff2 h5 24. h3 h4 25. Kh2 Bd5 26. Rab2 Kd7 27. a4 a6
28. Rb1 f5 29. b5 axb5 30. Rxb5 Ra8 31. Rb4 Rga6 32. Bg5 Rxa4 33. Rb6 Bc6 34.
Bxh4 Ra2 35. Rfb2 Rxb2 36. Rxb2 Ra3 37. Rd2 Rc3 38. Bf2 Rxc5 39. h4 Ke6 40. Kh3
Be8 41. g4 Bc6 42. Kg3 f4+ 43. Kg2 Kf6 44. Be1 b5 45. Rb2 Rc1 46. Bd2 Rc5 47.
Bb4 Rc1 48. g5+ Kg6 49. Bd2 Ra1 50. Bb4 Ra8 51. Rc2 Rc8 52. Kf2 Kh5 53. Bd6
Kxh4 54. g6 Bb7 55. Rxc8 Bxc8 56. Bxe5 Bf5 57. g7 Bh7 58. Bxf4 b4 59. Be5 b3
60. Bxd4 Kg5 61. Ke3 Bg8 62. f4+ Kf5 63. Be5 Bf7 64. Kd2 Ke6 65. Kc3 Ke7 66.
Kb4 Kd7 67. Kc5 Bg8 68. Bb2 Ke6 69. d4 Kd7 70. f5 Kc7 71. d5 Kd7 72. Be5 Kd8
73. Kc6 Kc8 74. Kd6 Kd8 75. Bf6+ Ke8 76. Bb2 Kd8 77. Ke5 Kd7 78. Ba3 Ke8 79. d6
Kd7 80. Kf6 b2 81. Bxb2 Kxd6 82. Kg6 Ke7 83. Ba3+ Ke8 84. Bb4 Kd7 85. Bf8 Ke8
86. f6 Ba2 87. Kh7 Bb1+ 88. Kh8 Ba2 89. Be7 Be6 90. g8=Q+ Bxg8 91. Kxg8 1-0

[Event "7. Open C.A. Ciudad los Angeles 2012"]
[Site "Madrid ESP"]
[Date "2013.05.05"]
[Round "5.12"]
[White "Perez Fernandez, Guillermo"]
[Black "Yeves Miquel, Enrique"]
[Result "1-0"]
[WhiteElo "1849"]
[BlackElo "1737"]
[PlyCount "127"]
[EventDate "2013.04.07"]
[EventType "swiss"]
[EventRounds "9"]
[EventCountry "ESP"]
[SourceTitle "Ajedrez en Madrid"]
[Source "lmi"]
[SourceDate "2013.04.07"]
[SourceVersion "1"]
[SourceVersionDate "2013.08.06"]
[SourceQuality "1"]

1. Nc3 c5 2. d4 cxd4 3. Qxd4 Nc6 4. Qh4 Qc7 5. Nf3 e6 6. Nd4 Be7 7. Ndb5 Qb8 8.
Bg5 a6 9. Bxe7 Ngxe7 10. Nd4 d5 11. e3 e5 12. Nb3 Qd6 13. O-O-O b5 14. Nxd5
Nxd5 15. e4 Be6 16. exd5 Bxd5 17. Kb1 O-O 18. Bd3 f5 19. Rhe1 Rae8 20. c4 bxc4
21. Bxc4 Ne7 22. Qg3 Kh8 23. Ka1 f4 24. Qc3 Rc8 25. Na5 Qf6 26. Qxe5 Qxe5 27.
Rxe5 Bxc4 28. Nxc4 Rxc4 29. Rxe7 Rc2 30. Rf1 Rb8 31. b3 h6 32. Re4 Rf8 33. Re6
a5 34. Kb1 Rd2 35. Re5 Ra8 36. a4 Rc8 37. Re4 Rcc2 38. Rc4 Rb2+ 39. Kc1 g5 40.
g3 fxg3 41. fxg3 Rxh2 42. Rf7 Kg8 43. Ra7 Rbf2 44. Rc8+ Rf8 45. Rxf8+ Kxf8 46.
Rxa5 Rh3 47. Rf5+ Ke7 48. Re5+ Kf6 49. Re3 h5 50. Kd2 Rh2+ 51. Kd3 Rb2 52. Ke4
h4 53. gxh4 gxh4 54. Kf4 Rd2 55. Kg4 Rd4+ 56. Kh3 Kg5 57. a5 Kf4 58. Rc3 Ke5
59. a6 Rd6 60. a7 Ra6 61. Rc7 Kd6 62. Rh7 Kc5 63. Kxh4 Kb4 64. Rb7+ 1-0

[Event "7. Open C.A. Ciudad los Angeles 2012"]
[Site "Madrid ESP"]
[Date "2013.05.05"]
[Round "5.13"]
[White "Al-Zarif Zabala, Bassam"]
[Black "Juarez De Vena, Antonio"]
[Result "0-1"]
[WhiteElo "1797"]
[BlackElo "1697"]
[PlyCount "116"]
[EventDate "2013.04.07"]
[EventType "swiss"]
[EventRounds "9"]
[EventCountry "ESP"]
[SourceTitle "Ajedrez en Madrid"]
[Source "lmi"]
[SourceDate "2013.04.07"]
[SourceVersion "1"]
[SourceVersionDate "2013.08.06"]
[SourceQuality "1"]

1. e4 e6 2. d3 d5 3. Nd2 c5 4. Ngf3 Nc6 5. g3 Bd6 6. Bg2 Nf6 7. O-O O-O 8. Re1
Qc7 9. Qe2 Nd7 10. Nf1 b5 11. h4 Bb7 12. N1h2 Rae8 13. c3 f5 14. exd5 exd5 15.
Qxe8 Rxe8 16. Rxe8+ Nf8 17. Re2 a5 18. Bd2 b4 19. Ree1 Ba6 20. d4 Bd3 21. dxc5
Bxc5 22. Be3 Bd6 23. Rac1 Qd7 24. Nd4 Nxd4 25. Bxd4 Bb8 26. cxb4 axb4 27. Red1
Be2 28. Re1 Bh5 29. Nf3 Bf7 30. Ne5 Bxe5 31. Bxe5 Ng6 32. Bd4 h5 33. Rc2 f4 34.
Kh2 fxg3+ 35. fxg3 Qg4 36. Bf2 d4 37. Rd2 Nxh4 38. Rxd4 Nf3+ 39. Bxf3 Qxf3 40.
Rf4 Qd5 41. Rxb4 Qd2 42. Rb8+ Kh7 43. Kg1 Qd6 44. Rb6 Qd2 45. a4 Bc4 46. b4 Qd7
47. Kg2 h4 48. gxh4 Qg4+ 49. Bg3 Bd5+ 50. Kh2 Qf3 51. Rg1 Qe2+ 52. Kh3 Bf3 53.
h5 Qe8 54. Rb5 Qe6+ 55. Kh2 Qe2+ 56. Kh3 Bg4+ 57. Kh4 Bd7 58. Re5 Qg4# 0-1

[Event "7. Open C.A. Ciudad los Angeles 2012"]
[Site "Madrid ESP"]
[Date "2013.05.05"]
[Round "5.14"]
[White "Maseda Iglesias, Luis"]
[Black "Lopez-Andujar Ocaña, Ramon"]
[Result "1-0"]
[WhiteElo "1766"]
[BlackElo "1684"]
[PlyCount "37"]
[EventDate "2013.04.07"]
[EventType "swiss"]
[EventRounds "9"]
[EventCountry "ESP"]
[SourceTitle "Ajedrez en Madrid"]
[Source "lmi"]
[SourceDate "2013.04.07"]
[SourceVersion "1"]
[SourceVersionDate "2013.08.06"]
[SourceQuality "1"]

1. d4 Nf6 2. Nf3 e6 3. e3 b6 4. Bd3 Bb7 5. O-O Be7 6. c4 O-O 7. Nc3 d5 8. cxd5
exd5 9. Qc2 Ba6 10. Rd1 Bxd3 11. Qxd3 c6 12. Ne5 Qc7 13. Bd2 Bd6 14. f4 Nfd7
15. Rac1 a6 16. Nxd5 Qb7 17. Nc3 Re8 18. Ne4 Bf8 19. Ng5 1-0

[Event "7. Open C.A. Ciudad los Angeles 2012"]
[Site "Madrid ESP"]
[Date "2013.05.05"]
[Round "5.16"]
[White "Sorribes Calle, Pablo"]
[Black "Fernandez Rodriguez, Fernando J"]
[Result "0-1"]
[WhiteElo "1663"]
[BlackElo "1760"]
[PlyCount "76"]
[EventDate "2013.04.07"]
[EventType "swiss"]
[EventRounds "9"]
[EventCountry "ESP"]
[SourceTitle "Ajedrez en Madrid"]
[Source "lmi"]
[SourceDate "2013.04.07"]
[SourceVersion "1"]
[SourceVersionDate "2013.08.06"]
[SourceQuality "1"]

1. d4 d5 2. c4 c6 3. Nc3 Nf6 4. e3 e6 5. cxd5 exd5 6. Bd3 Bd6 7. Nge2 O-O 8.
Qc2 b6 9. O-O c5 10. Bf5 Bxf5 11. Qxf5 Nc6 12. dxc5 bxc5 13. Rd1 Ne7 14. Qf3
Qa5 15. b3 Be5 16. Bb2 Rfe8 17. g4 Ne4 18. Rac1 Qc7 19. Qg2 g5 20. Rc2 Rad8 21.
f4 gxf4 22. exf4 Nxc3 23. Bxc3 Bxc3 24. Rxc3 Qb6 25. f5 d4 26. Rh3 Nd5 27. Qf3
Re3 28. Qf1 Re4 29. Qf2 Rde8 30. Qh4 Nf6 31. Qg5+ Kh8 32. Nf4 Rg8 33. Qh6 Rxg4+
34. Rg3 Rexf4 35. Re1 Rxg3+ 36. hxg3 Rg4 37. Kh2 Rg8 38. Re7 Ng4+ 0-1

[Event "7. Open C.A. Ciudad los Angeles 2012"]
[Site "Madrid ESP"]
[Date "2013.05.05"]
[Round "5.17"]
[White "Caño Nieto, Jose Luis"]
[Black "Ramos Antona, Enrique"]
[Result "0-1"]
[WhiteElo "1587"]
[BlackElo "1752"]
[PlyCount "118"]
[EventDate "2013.04.07"]
[EventType "swiss"]
[EventRounds "9"]
[EventCountry "ESP"]
[SourceTitle "Ajedrez en Madrid"]
[Source "lmi"]
[SourceDate "2013.04.07"]
[SourceVersion "1"]
[SourceVersionDate "2013.08.06"]
[SourceQuality "1"]

1. d4 d5 2. Bf4 e6 3. e3 Nf6 4. Nf3 Nbd7 5. Nc3 a6 6. Be2 h6 7. O-O Nh5 8. Ne5
Nxf4 9. exf4 c5 10. Nxd7 Bxd7 11. dxc5 Bxc5 12. Bf3 O-O 13. a3 Qf6 14. Qc1 Bc6
15. Rb1 Rac8 16. h3 Qh4 17. b4 Bd6 18. Ne2 Bb5 19. Re1 Bxe2 20. Bxe2 Qxf4 21.
Qxf4 Bxf4 22. Rb2 Bd2 23. Rd1 Bc3 24. Ra2 d4 25. Bd3 f5 26. f3 g6 27. Kf1 Kg7
28. Kf2 e5 29. Kg1 Rfe8 30. b5 a5 31. Rf1 b6 32. Rd1 e4 33. fxe4 fxe4 34. Be2
h5 35. a4 Rf8 36. Rf1 Rxf1+ 37. Kxf1 Rf8+ 38. Kg1 Kf6 39. Ra3 Ke5 40. Rb3 Kf4
41. Rb1 Ke3 42. Rf1 Rxf1+ 43. Kxf1 Kd2 44. g4 h4 45. Bc4 Kxc2 46. Bf7 g5 47.
Bg6 Kd3 48. Kf2 Bd2 49. Kf1 Ke3 50. Kg2 Bb4 51. Bf7 Ke2 52. Bc4+ d3 53. Kg1 Ke1
54. Kg2 d2 55. Bb3 Bc5 56. Bc2 e3 57. Kh1 e2 58. Kg2 d1=Q 59. Kf3 Qxc2 0-1

[Event "7. Open C.A. Ciudad los Angeles 2012"]
[Site "Madrid ESP"]
[Date "2013.05.05"]
[Round "5.23"]
[White "Melcon Diez, Enrique"]
[Black "Benitez Robles, Antonio"]
[Result "1-0"]
[WhiteElo "1641"]
[BlackElo "1483"]
[PlyCount "65"]
[EventDate "2013.04.07"]
[EventType "swiss"]
[EventRounds "9"]
[EventCountry "ESP"]
[SourceTitle "Ajedrez en Madrid"]
[Source "lmi"]
[SourceDate "2013.04.07"]
[SourceVersion "1"]
[SourceVersionDate "2013.08.06"]
[SourceQuality "1"]

1. c4 b6 2. d4 Bb7 3. Nc3 e6 4. e4 c5 5. d5 exd5 6. exd5 d6 7. Bd3 Nd7 8. Nf3
Ngf6 9. Bf4 a6 10. O-O Be7 11. Qc2 g6 12. Bh6 Ng4 13. Qd2 Nxh6 14. Qxh6 Nf6 15.
Rae1 Kd7 16. Ng5 Ng8 17. Qh3+ Ke8 18. Nxh7 Bc8 19. Nf6+ Nxf6 20. Qxh8+ Kd7 21.
Qg7 Qe8 22. Re2 Nh5 23. Qh6 Ra7 24. Rfe1 Kd8 25. Ne4 Qg8 26. h3 Ng7 27. Qf4 Nh5
28. Qf3 Qg7 29. g4 f5 30. Nxd6 fxg4 31. Qf7 gxh3 32. Qe8+ Kc7 33. Qc6+ 1-0

[Event "7. Open C.A. Ciudad los Angeles 2012"]
[Site "Madrid ESP"]
[Date "2013.05.05"]
[Round "5.27"]
[White "Martin Rodriguez, Jose Luis"]
[Black "Gines Martinez, Andres"]
[Result "0-1"]
[WhiteElo "1434"]
[BlackElo "1510"]
[PlyCount "146"]
[EventDate "2013.04.07"]
[EventType "swiss"]
[EventRounds "9"]
[EventCountry "ESP"]
[SourceTitle "Ajedrez en Madrid"]
[Source "lmi"]
[SourceDate "2013.04.07"]
[SourceVersion "1"]
[SourceVersionDate "2013.08.06"]
[SourceQuality "1"]

1. e4 c5 2. Nf3 Nc6 3. d4 cxd4 4. Nxd4 Nf6 5. Nc3 d6 6. Be2 a6 7. Nxc6 bxc6 8.
Bg5 e5 9. O-O Be7 10. Be3 Be6 11. f3 O-O 12. Na4 Nd7 13. Qd2 d5 14. b3 d4 15.
Bf2 a5 16. c3 c5 17. c4 Bg5 18. Qe1 Qe7 19. Nb2 f5 20. Nd3 f4 21. Kh1 a4 22.
Rg1 axb3 23. axb3 Rxa1 24. Qxa1 Bh4 25. Qe1 Bxf2 26. Qxf2 Rf6 27. Ra1 Rf8 28.
Ra7 Qd6 29. Ra1 Rb8 30. Bd1 Rb6 31. Qa2 Kf7 32. Qf2 Ra6 33. Qb2 Rb6 34. Qa3 Kf6
35. Qc1 Nb8 36. Qd2 Nc6 37. Qf2 Nb4 38. Be2 Nxd3 39. Qh4+ Kg6 40. g4 Nf2+ 41.
Kg2 Ra6 42. Rxa6 Qxa6 43. Qh5+ Kf6 44. g5+ Ke7 45. Kxf2 g6 46. Qxh7+ Bf7 47.
Qh8 Qe6 48. Kg2 Kd7 49. Qb8 Kc6 50. Qa8+ Kd6 51. Qa6+ Kd7 52. Qxe6+ Bxe6 53.
Kf1 Kc6 54. Ke1 Kb6 55. Kd2 Ka5 56. Kc2 Bh3 57. Kb2 Kb4 58. Bd1 d3 59. Kc1 Kc3
60. b4 cxb4 61. c5 b3 62. c6 b2+ 63. Kb1 Kd2 64. Bb3 Kc3 65. Bd1 d2 66. Ba4 Kd3
67. Kxb2 Ke2 68. c7 d1=Q 69. Bxd1+ Kxd1 70. Kc3 Ke2 71. Kc4 Kxf3 72. Kd5 Ke3
73. Kc6 f3 0-1

[Event "7. Open C.A. Ciudad los Angeles 2012"]
[Site "Madrid ESP"]
[Date "2013.05.12"]
[Round "6.1"]
[White "Rodriguez Dorado, Victor"]
[Black "Lopez Ziegler, Carlos"]
[Result "1/2-1/2"]
[WhiteElo "1924"]
[BlackElo "1913"]
[PlyCount "49"]
[EventDate "2013.04.07"]
[EventType "swiss"]
[EventRounds "9"]
[EventCountry "ESP"]
[SourceTitle "Ajedrez en Madrid"]
[Source "lmi"]
[SourceDate "2013.04.07"]
[SourceVersion "1"]
[SourceVersionDate "2013.08.06"]
[SourceQuality "1"]

1. e4 Nf6 2. e5 Nd5 3. c4 Nb6 4. d4 d6 5. exd6 cxd6 6. Nc3 g6 7. Nf3 Bg4 8. Be2
Nc6 9. b3 Bg7 10. Be3 O-O 11. Rc1 d5 12. c5 Nc8 13. h3 Bxf3 14. Bxf3 e6 15. O-O
N8e7 16. Ne2 b6 17. g3 Rc8 18. Qd2 Nf5 19. b4 bxc5 20. Rxc5 Nxe3 21. fxe3 Ne7
22. Nf4 Nf5 23. Kh2 Qd7 24. Be2 Nd6 25. Bd3 1/2-1/2

[Event "7. Open C.A. Ciudad los Angeles 2012"]
[Site "Madrid ESP"]
[Date "2013.05.12"]
[Round "6.2"]
[White "Ruiz Sanchez, Roberto"]
[Black "Lobato Rivero, Carlos"]
[Result "1/2-1/2"]
[WhiteElo "1981"]
[BlackElo "1964"]
[PlyCount "152"]
[EventDate "2013.04.07"]
[EventType "swiss"]
[EventRounds "9"]
[EventCountry "ESP"]
[SourceTitle "Ajedrez en Madrid"]
[Source "lmi"]
[SourceDate "2013.04.07"]
[SourceVersion "1"]
[SourceVersionDate "2013.08.06"]
[SourceQuality "1"]

1. e4 g6 2. d4 Bg7 3. Nf3 d6 4. Nc3 Nf6 5. Be2 O-O 6. O-O e5 7. h3 Nc6 8. Be3
exd4 9. Nxd4 Nxd4 10. Bxd4 b6 11. Re1 Bb7 12. Bf3 Re8 13. Qd3 Nd7 14. Bxg7 Kxg7
15. Rad1 Ne5 16. Qd4 Qf6 17. Be2 Nd7 18. Qxf6+ Nxf6 19. f3 a6 20. a4 Rad8 21.
Bc4 Nd7 22. Nd5 Bxd5 23. Bxd5 a5 24. c3 Nf6 25. Bc6 Re5 26. b4 g5 27. g3 Nh5
28. Kf2 Kh6 29. Rd5 Nf6 30. Rd3 Rg8 31. f4 gxf4 32. gxf4 Re7 33. Rde3 Nh5 34.
Rf3 Rg6 35. bxa5 bxa5 36. Rd1 Nf6 37. Re1 Nd7 38. Bxd7 Rxd7 39. Rb1 d5 40. Rd3
Rgd6 41. e5 Rb6 42. Rxb6+ cxb6 43. c4 d4 44. Kf3 Kg6 45. Ke4 f5+ 46. exf6 Kxf6
47. Rxd4 Re7+ 48. Kf3 Re6 49. Re4 Rc6 50. Ke3 Rc5 51. Kd4 Rc6 52. Re5 Kg6 53.
f5+ Kf6 54. Re6+ Rxe6 55. fxe6 Kxe6 56. c5 Kd7 57. Kd5 Kc7 58. cxb6+ Kxb6 59.
h4 h5 60. Kd6 Kb7 61. Kc5 Kc7 62. Kb5 Kd6 63. Kxa5 Kc5 64. Ka6 Kc6 65. a5 Kc7
66. Kb5 Kb7 67. Kc5 Ka6 68. Kd5 Kxa5 69. Ke5 Kb6 70. Kf5 Kc6 71. Kg5 Kd7 72.
Kxh5 Ke7 73. Kg6 Kf8 74. Kh7 Kf7 75. h5 Kf6 76. h6 Kf7 1/2-1/2

[Event "7. Open C.A. Ciudad los Angeles 2012"]
[Site "Madrid ESP"]
[Date "2013.05.12"]
[Round "6.3"]
[White "Rodriguez Vignote, Javier"]
[Black "Brull Cortes, Boris"]
[Result "1-0"]
[WhiteElo "1975"]
[BlackElo "1953"]
[PlyCount "77"]
[EventDate "2013.04.07"]
[EventType "swiss"]
[EventRounds "9"]
[EventCountry "ESP"]
[SourceTitle "Ajedrez en Madrid"]
[Source "lmi"]
[SourceDate "2013.04.07"]
[SourceVersion "1"]
[SourceVersionDate "2013.08.06"]
[SourceQuality "1"]

1. Nf3 f5 2. c4 Nf6 3. g3 e6 4. Bg2 d5 5. O-O c6 6. d3 Bc5 7. Nc3 O-O 8. Qc2
Nbd7 9. e4 d4 10. Na4 fxe4 11. dxe4 e5 12. Nxc5 Nxc5 13. Nxe5 Qe7 14. f4 d3 15.
Nxd3 Ncxe4 16. Re1 Bf5 17. Nf2 Qb4 18. Qe2 Rfe8 19. a3 Qb3 20. Qd3 Qb6 21. Be3
Qxb2 22. Nxe4 Bxe4 23. Bxe4 Ng4 24. Bxh7+ Kh8 25. Qc2 Qxc2 26. Bxc2 Nxe3 27.
Bg6 Re7 28. Ra2 Nf5 29. Rae2 Rxe2 30. Rxe2 Nd4 31. Re7 b5 32. Rd7 c5 33. cxb5
Nxb5 34. a4 Nc3 35. a5 Ne2+ 36. Kf2 Nd4 37. Rc7 Nb3 38. a6 Kg8 39. Bf7+ 1-0

[Event "7. Open C.A. Ciudad los Angeles 2012"]
[Site "Madrid ESP"]
[Date "2013.05.12"]
[Round "6.4"]
[White "Largo Barbero, Benito"]
[Black "Marcos Herrero, Francisco"]
[Result "1-0"]
[WhiteElo "1879"]
[BlackElo "1912"]
[PlyCount "107"]
[EventDate "2013.04.07"]
[EventType "swiss"]
[EventRounds "9"]
[EventCountry "ESP"]
[SourceTitle "Ajedrez en Madrid"]
[Source "lmi"]
[SourceDate "2013.04.07"]
[SourceVersion "1"]
[SourceVersionDate "2013.08.06"]
[SourceQuality "1"]

1. Nc3 c5 2. Nf3 Nc6 3. d4 cxd4 4. Nxd4 g6 5. Be3 Bg7 6. Nxc6 bxc6 7. Bd4 Nf6
8. Ne4 O-O 9. Nxf6+ exf6 10. e3 d6 11. g3 Rb8 12. Bg2 Qc7 13. O-O Re8 14. Qf3
Ba6 15. Rfd1 d5 16. Bxf6 Be2 17. Qxe2 Bxf6 18. c3 Qb6 19. Rab1 a5 20. Qd3 a4
21. Qc2 Qa5 22. c4 a3 23. bxa3 dxc4 24. Rxb8 Rxb8 25. Qxc4 Qxa3 26. Bxc6 Rc8
27. Rd7 Qf8 28. Qd5 Qe8 29. Ba4 Rd8 30. Rxd8 Qxd8 31. Qxd8+ Bxd8 32. Bb3 Kf8
33. Kg2 f6 34. Kf3 h5 35. Ke4 Ke7 36. Kd5 g5 37. h3 Ba5 38. f4 Bb6 39. e4 Bc7
40. fxg5 fxg5 41. g4 hxg4 42. hxg4 Bd6 43. a4 Bb4 44. Kc4 Bd2 45. Kb5 Kd6 46.
Bf7 Bc3 47. a5 Kc7 48. a6 Bd4 49. Kc4 Ba7 50. e5 Bf2 51. Kd5 Kd7 52. e6+ Ke7
53. Kc6 Kd8 54. Kb7 1-0

[Event "7. Open C.A. Ciudad los Angeles 2012"]
[Site "Madrid ESP"]
[Date "2013.05.12"]
[Round "6.5"]
[White "Tirado Parra, Alberto"]
[Black "Sirera Ripoll, Jose"]
[Result "1-0"]
[WhiteElo "1896"]
[BlackElo "1692"]
[PlyCount "83"]
[EventDate "2013.04.07"]
[EventType "swiss"]
[EventRounds "9"]
[EventCountry "ESP"]
[SourceTitle "Ajedrez en Madrid"]
[Source "lmi"]
[SourceDate "2013.04.07"]
[SourceVersion "1"]
[SourceVersionDate "2013.08.06"]
[SourceQuality "1"]

1. Nf3 c5 2. c4 Nc6 3. d4 cxd4 4. Nxd4 Nf6 5. Nc3 g6 6. e4 Bg7 7. Be3 O-O 8.
Be2 d6 9. O-O Bd7 10. f3 Qb6 11. Qd2 Nxe4 12. Nxc6 Nxd2 13. Nxe7+ Kh8 14. Bxb6
Nxf1 15. Bf2 Nd2 16. Ncd5 Rae8 17. Rd1 Rxe7 18. Nxe7 Re8 19. Rxd2 Rxe7 20. Bxa7
Bc6 21. Kf2 Kg8 22. Rxd6 Bxb2 23. Bd4 Ba3 24. c5 Rd7 25. Rxd7 Bxd7 26. Bd3 f5
27. Bc4+ Kf8 28. Bd5 Bc6 29. Bxc6 bxc6 30. Ke2 Ke7 31. Kd3 Bb4 32. Kc4 Ba5 33.
Be5 Ke6 34. Bc3 Bc7 35. h3 f4 36. a4 Kd7 37. Kd3 Ke6 38. Ke4 g5 39. a5 Kd7 40.
Kf5 Bd8 41. a6 Kc7 42. Ba5+ 1-0

[Event "7. Open C.A. Ciudad los Angeles 2012"]
[Site "Madrid ESP"]
[Date "2013.05.12"]
[Round "6.6"]
[White "Perez Alvarez, Javier"]
[Black "Pindado Campos, Raul"]
[Result "0-1"]
[WhiteElo "1818"]
[BlackElo "1879"]
[PlyCount "64"]
[EventDate "2013.04.07"]
[EventType "swiss"]
[EventRounds "9"]
[EventCountry "ESP"]
[SourceTitle "Ajedrez en Madrid"]
[Source "lmi"]
[SourceDate "2013.04.07"]
[SourceVersion "1"]
[SourceVersionDate "2013.08.06"]
[SourceQuality "1"]

1. e4 c5 2. Nf3 e6 3. d4 cxd4 4. Nxd4 a6 5. Bd3 Qc7 6. c4 Nf6 7. O-O Be7 8. Nc3
Nc6 9. Nxc6 bxc6 10. Qe2 d6 11. Be3 O-O 12. Rac1 Bb7 13. f3 Rfe8 14. Rfd1 c5
15. Rd2 Rad8 16. Rcd1 Nd7 17. b3 Bf6 18. Nb1 Ne5 19. Bc2 Nc6 20. Qf2 Nb4 21. a3
Nc6 22. Qg3 Nd4 23. Bg5 Bxg5 24. Qxg5 Qb6 25. Qe3 Rb8 26. b4 Bc6 27. bxc5 dxc5
28. Nc3 Qa5 29. Ne2 Nxc2 30. Rxc2 Ba4 31. Rcd2 Bxd1 32. Rxd1 Red8 0-1